النشاط المصرى القديم فى مناطق البحر الاحمر خلال النصف الثانى من الاسرة الثانية عشرة /
محفوظ في:
المؤلف الرئيسي:
التنسيق: كتاب
اللغة: Undetermined
منشور في:
1996
الوسوم: إضافة وسم
لا توجد وسوم, كن أول من يضع وسما على هذه التسجيلة!
رقم الطلب: Diss.,63
| LEADER | 00649nam a2200121Ia 4500 | ||
|---|---|---|---|
| 008 | 231023s9999||||xx |||||||||||||| ||und|| | ||
| 050 | 4 | |a Diss.,63 | |
| 100 | 0 | |a محمد عبد الرحمن عبد الغنى محمد الشرقاوى | |
| 245 | 1 | 0 | |a النشاط المصرى القديم فى مناطق البحر الاحمر خلال النصف الثانى من الاسرة الثانية عشرة / |c محمد عبد الرحمن عبد الغنى، محمد الشرقاوى. |
| 264 | 1 | |c 1996 | |
| 942 | |2 lcc |c THESES | ||
| 952 | |0 0 |1 0 |2 lcc |4 0 |7 1 |9 51039 |a ARCE |b ARCE |d 2023-10-23 |l 0 |o Diss.,63 |p 1036410 |r 2023-10-23 00:00:00 |w 2023-10-23 |y THESES | ||
| 999 | |c 54817 |d 54817 | ||
